header

Who speaks for Margaret Garner? (Record no. 246275)

MARC details
000 -LEADER
fixed length control field 02328nam a2200409 a 4500
082 04 - DEWEY DECIMAL CLASSIFICATION NUMBER
Classification number 306.3/62092
-- B
100 1# - MAIN ENTRY--AUTHOR NAME
Personal name Reinhardt, Mark.
245 10 - TITLE STATEMENT
Title Who speaks for Margaret Garner?
260 ## - PUBLICATION, DISTRIBUTION, ETC. (IMPRINT)
Place of publication Minneapolis :
Name of publisher University of Minnesota Press,
Year of publication c2010.
300 ## - PHYSICAL DESCRIPTION
Number of Pages xii, 317 p.
505 0# - FORMATTED CONTENTS NOTE
Formatted contents note Introduction : an extraordinary case? -- Documents -- Escape and capture -- In the Commissioner's Court -- Return -- Requisition? -- Whose sovereignty? : courts in conflict -- The Ohio legislature responds : debate on the floor -- The battle in the press : editorials on the murder -- The battle in the press : editorials on the trial, return, and requisition -- Silence in the deep South : the case of Charleston, South Carolina -- Speeches, sermons, and "interviews" -- Final developments -- Literary sources, literary echoes -- Appendix: Text of the Fugitive Slave Act of 1850 -- Chronology of key events, 1856-71.
650 #0 - SUBJECT ADDED ENTRY--TOPICAL TERM
Topical Term Trials (Infanticide)
Topical Term Infanticide
Topical Term Fugitive slaves
Topical Term Fugitive slaves
856 40 - ELECTRONIC LOCATION AND ACCESS
Uniform Resource Identifier http://site.ebrary.com/lib/rucke/Doc?id=10442230

No items available.

© 2026 Rongo University
Contact us: librarian | system librarian | Rongo university